Statistics for 20 biggest nordic cities

Click here to take the quiz!

General Stats

  • This quiz has been taken 60 times
  • The average score is 14 of 20

Answer Stats

HintAnswer% Correct
974 kStockholm
100%
632 kCopenhagen
96%
653 kHelsinki
96%
693 kOslo
96%
579 kGothenburg
93%
344 kMalmö
93%
283 kBergen
91%
349 kAarhus
81%
205 kTrondheim
72%
192 kTurku
70%
217 kAalborg
68%
238 kTampere
68%
230 kUppsala
68%
204 kOdense
67%
205 kOulu
56%
289 kEspoo
51%
163 kLinköping
26%
155 kÖrebro
26%
154 kVästerås
26%
233 kVantaa
25%

Score Distribution

Percentile by Number Answered

Percent of People with Each Score

Your Score History

You have not taken this quiz